| 000 | 00391 a2200145 4500 | ||
|---|---|---|---|
| 040 |
_aDLC _bDLC |
||
| 082 | _a330.9 | ||
| 100 | _aFazle Karim Khan | ||
| 245 |
_aEconomic geography _cFazle Karim Khan |
||
| 260 |
_aKarachi: _bSaleem Publishing House, _c 1998. |
||
| 300 |
_ax, 286 p. : _bill. ; _c25 cm. |
||
| 500 | _aIncludes Index | ||
| 650 | _aEconomic geography. | ||
| 942 |
_cBK _k330.9 FAZ _2ddc |
||
| 999 |
_c7057 _d7057 |
||